| 000 | 01182cad a22002295a 4500 | ||
|---|---|---|---|
| 001 | L147945 | ||
| 008 | 090703s2009 xxk 000 0 eng d | ||
| 020 | _a9781840496857 | ||
| 035 | _a(Sirsi) u147945 | ||
| 041 | 0 | _aeng | |
| 050 | 0 | 4 | _a306.1 $2 18 |
| 110 | 2 |
_aLocal Government Association _95763 |
|
| 245 | 0 | 0 |
_aLocal housing, local solutions _bthe case for self-determination _h[electronic resource] |
| 260 |
_aLondon _bLGA _c2009 |
||
| 520 | _aSets out proposals for reform of council housing finance, and explains how councils could build 80 000-90 000 new homes in the next five years and provide an investment of £35bn into the English economy. This would require three changes to the council housing finance system: abolition of the Housing Revenue Account subsidy system; financial independence for council landlords; and cancellation of the historic housing debt. | ||
| 521 | _aAdvanced | ||
| 590 | _aKA | ||
| 651 | 4 |
_aEngland and Wales _y1543- |
|
| 690 | _aPROPERTY-RESIDENTIAL PROPERTY-DOMESTIC RESIDENTIAL PROPERTY-HOUSING | ||
| 856 | 4 | 0 |
_uhttps://www.lga.gov.uk/lga/core/page.do?pageId=2001503 _zView the report free of charge at www.lga.gov.uk... |
| 942 | _n0 | ||
| 999 |
_c109808 _d109808 |
||